A GUIDE TO MENTAL HEALTH & PSYCHIATRIC NIRSING (Record no. 1953)

MARC details
000 -LEADER
fixed length control field 00362nam a2200145Ia 4500
008 - FIXED-LENGTH DATA ELEMENTS--GENERAL INFORMATION
fixed length control field 150201s2008 xx 000 0 und d
082 ## - DEWEY DECIMAL CLASSIFICATION NUMBER
Classification number 610.7368
Item number G08S
100 ## - MAIN ENTRY--PERSONAL NAME
Personal name SREEVANI , R.
245 #2 - TITLE STATEMENT
Title A GUIDE TO MENTAL HEALTH & PSYCHIATRIC NIRSING
250 ## - EDITION STATEMENT
Edition statement 2ND
260 ## - PUBLICATION, DISTRIBUTION, ETC. (IMPRINT)
Name of publisher, distributor, etc. JAYPEE
Place of publication, distribution, etc. DELHI
Date of publication, distribution, etc. 2008
300 ## - PHYSICAL DESCRIPTION
Extent 268
650 ## - SUBJECT ADDED ENTRY--TOPICAL TERM
Topical term or geographic name as entry element PSYCHIATRY
942 ## - ADDED ENTRY ELEMENTS (KOHA)
Source of classification or shelving scheme Dewey Decimal Classification
Koha item type Books
Koha issues (borrowed), all copies 154
Holdings
Withdrawn status Lost status Source of classification or shelving scheme Damaged status Not for loan Collection code Home library Current library Shelving location Date acquired Source of acquisition Cost, normal purchase price SGTU Bill Number Total Checkouts Full call number Barcode Checked out Date last seen Date last checked out Bill Date Koha item type Total Renewals
    Dewey Decimal Classification     NURSING SGT Medical Library SGT Medical Library Text Book 19/04/2012 UBS DELHI 275.00 SGTU 46 78 610.7368 G08S FN451 01/06/2026 18/05/2026 18/05/2026 19/04/2012 Books  
    Dewey Decimal Classification     NURSING SGT Medical Library SGT Medical Library Text Book 19/04/2012 UBS DELHI 275.00 SGTU 46 50 610.7368 G08S FN452   25/02/2026 14/02/2026 19/04/2012 Books 2
    Dewey Decimal Classification     NURSING SGT Medical Library SGT Medical Library Text Book 19/04/2012 UBS DELHI 275.00 SGTU 46 55 610.7368 G08S FN453   21/07/2025 07/07/2025 19/04/2012 Books  
    Dewey Decimal Classification     NURSING SGT Medical Library SGT Medical Library Text Book 19/04/2012 UBS DELHI 275.00 SGTU 46 66 610.7368 G08S FN454   24/06/2025 24/06/2025 19/04/2012 Books 4
    Dewey Decimal Classification     NURSING SGT Medical Library SGT Medical Library Text Book 19/04/2012 UBS DELHI 275.00 SGTU 46 40 610.7368 G08S FN455   20/12/2024 10/10/2024 19/04/2012 Books